01253cam a2200373 a 45000010005000000030006000050050017000110080041000280100017000690200015000860400023001010420009001240430012001330500024001450820024001691000020001932450036002132600035002493000046002844900023003305050007003535200151003605210018005115210018005296000045005476000024005926500054006166500033006706500051007036500022007546510051007766510030008278300022008571823FISKH20231004094300.0020916s2003 nyua b 001 0beng  a 2002015155 a0516228595 aDLCcDLCdDLCbeng alcac an-us-va00aE99.P85bP5756 200300a975.5/01/092aB2211 aPolette, Nancy.10aPocahontas /cby Nancy Polette. aNew York :bScholastic,c2003. a31 pages :bcolor illustrations ;c19 cm.1 aRookie biographies aK  aAn introduction to the life of the young seventeenth-century Indian woman who befriended Captain John Smith and the English settlers of Jamestown.8 a510 bLexile 8 aK bRaz-Plus 00aPocahontas,d-1617vJuvenile literature.01aPocahontas,d-1617. 0aPowhatan IndiansvBiographyvJuvenile literature. 1aPowhatan IndiansvBiography. 1aIndians of North AmericazVirginiavBiography. 1aWomenvBiography. 0aJamestown (Va.)xHistoryvJuvenile literature. 1aJamestown (Va.)xHistory. 0aRookie biography.